000 00694nam a2200217Ia 4500
003 GCL
008 140319s9999 xx 000 0 ara d
040 _aGCL /
_cGCL
082 0 4 _a371.33
_bب ت
100 1 _aبشير عبدالرحيم الكلوب
245 1 0 _aالتكنولوجيا فى عملية التعلم والتعليم /
_cبشير عبدالرحيم الكلوب
260 _a[S.N] :
_bدار الشورى ،
_c1993
300 _a358
490 _a
650 0 4 _aالتعليم
650 0 4 _aالتربية
650 0 4 _aالاجتماع
650 0 4 _aالوسائل التعليمية
650 0 4 _aالوسائل السمعية والبصرية
942 _2ddc
_cBK
999 _c58938
_d58938